000 005870000a22001810004500
090 _aSERIADAS
245 1 0 _aUna nueva especie de pez del género Hemibrycon (Characiformes: Characidae) del alto río Atrato, Noroccidente de Colombia
651 4 _pColombia
_lRío Atrato
_992749
653 _gHemibrycon
690 _aPeces
_992349
690 _aCarácidos
_918475
690 _aNuevas especies
_992905
041 0 _aEspañol
700 1 _aRuiz C., Raquel I.
_9100532
100 1 _aRomán Valencia, César
_999184
942 _cARTICULO
773 1 _tCaldasia
_mJun.
_h1
_q121-131
_d2007
_g29
999 _c16297
_d16297